Recopilación de reglamentos con índices por ministerios, temático, onomástico. Se incluyen, además todos los decretos supremos que, sin ser reglamentarios, tienen interés general y permanente

Kaydedildi:
Detaylı Bibliyografya
Müşterek Yazar: Contraloría General de la República (Yazar)
Materyal Türü: Kitap
Dil:İspanyolca
Baskı/Yayın Bilgisi: Santiago Contraloría General de la República 1959
Konular:
Etiketler: Etiketle
Etiket eklenmemiş, İlk siz ekleyin!

MARC

LEADER 00000nam a2200000 a 4500
001 UCR0738
003 CL-VaPUC
008 971205e19590000CL |||||||||||||||||spa|d
082 0 4 |a 348.025  |b CON  |2 21 
110 2 |a Contraloría General de la República  |e author  |9 396972 
245 1 0 |a Recopilación de reglamentos con índices por ministerios, temático, onomástico. Se incluyen, además todos los decretos supremos que, sin ser reglamentarios, tienen interés general y permanente 
300 |a t 
942 |c BK 
945 |d 19971205 00:00:00  |a lriquelm 
260 |a Santiago  |b Contraloría General de la República  |c 1959 
500 |a Comprende el período que media entre los meses de agosto de 1958 y julio de 1959 
500 |a Donación profesor Fernando Recio Olguín 
650 7 |a LEGISLACION  |2 CL-VaPUC  |9 396973 
650 7 |a FUENTES  |2 CL-VaPUC  |9 255666 
650 7 |a DERECHO CHILENO  |2 CL-VaPUC  |9 396974 
650 7 |a DECRETOS SUPREMOS  |2 CL-VaPUC  |9 396008 
650 7 |a REGLAMENTOS  |2 CL-VaPUC  |9 259254 
651 7 |a CHILE  |2 CL-VaPUC  |9 396975 
583 |a last modification  |c 20140410 10:30:57  |k Rodrigo Vera 
999 |c 264237  |d 264235 
952 |0 0  |1 0  |4 0  |6 348_025000000000000_CON_1959  |7 0  |8 F  |9 294238  |a BIBDER  |b BIBDER  |d 2019-11-19  |h t.13  |i 191264K  |o 348.025 CON 1959  |p 191264K  |r 2023-01-25  |w 2019-11-19  |y BK_F  |k DER 
952 |0 0  |1 0  |4 0  |6 348_025000000000000_CON_1959  |7 0  |8 X  |9 294239  |a BIBHIS  |b BIBHIS  |d 2019-11-19  |h t.13  |i 2128004  |o 348.025 CON 1959  |p 2128004  |r 2024-01-30  |w 2019-11-19  |y BK_X  |k HIS